| 000 | 01768nam0a2200313 4500 | ||
|---|---|---|---|
| 001 | RU\NLR\bibl\553889 | ||
| 005 | 20260406212942.0 | ||
| 010 |
_a5-8243-0545-5 _9500 |
||
| 021 |
_aRU _b2004-48067 _92370 |
||
| 035 | _a(NLR Aleph) 000546047 | ||
| 090 |
_a1442934 _c1442934 |
||
| 100 | _a20040917d2004 |||y0rusy50 ca | ||
| 101 | 0 | _arus | |
| 102 | _aRU | ||
| 105 | _ay ||||||||| | ||
| 200 | 1 |
_aРусские беженцы _eПроблемы расселения, возвращения на Родину, урегулирования правового положения, 1920 - 1930-е годы _e[Сб. док. и материалов] _fИн-т переподгот. и повышения квалификации преподавателей гуманитар. и соц. наук Моск. гос. ун-та им. М.В. Ломоносова _g[Сост. З.С. Бочарова] |
|
| 210 |
_aМ. _cРОССПЭН _d2004 |
||
| 215 |
_a399, [1] с. _d22 |
||
| 320 | _aБиблиогр. в подстроч. примеч. | ||
| 320 | _aИмен. указ.: с. 389-392 | ||
| 606 | 0 |
_aБеженцы русские _jДокументы и материалы _xГражданско-правовое положение _xИстория _yЗарубежные страны _z1920 - 1930-ые гг. _92351888 _3RU\NLR\auth\661405035 |
|
| 686 | _aХ911.5-3 | ||
| 702 | 1 |
_aБочарова _bЗ. С. _4220 |
|
| 712 | 0 | 2 |
_4570 _aИнститут переподготовки и повышения квалификации преподавателей гуманитарных и социальных наук _cМосква _3RU\NLR\AUTH\889970589 _9437564 |
| 801 | 0 |
_aRU _bNLR _c20040917 _gPSBO |
|
| 801 | 1 |
_aRU _bNLR _c20040917 |
|
| 942 | _cBOOK | ||
| 980 | _aNB | ||